Statistiche per Classifica Marcatori Spezia All-Time

Clicka qui per fare il quiz!

Statistiche generali

  • Questo quiz è stato fatto 5 volte
  • Il punteggio medio è 5 su 10

Statistiche sulle risposte

GolNazioneCalciatore% Corretto
27ItaliaDaniele Verde
100%
35AngolaM'Bala Nzola
100%
26GhanaEmmanuel Gyasi
80%
30ItaliaGiovanni Costa
40%
58ItaliaMassimiliano Guidetti
40%
30ItaliaFrancesco Fiori
20%
33ItaliaGiovanni Pisano
20%
34ItaliaGiuseppe Pozzo
20%
34ItaliaIgor Zaniolo
20%
27ItaliaMario Torti
20%

Distribuzione punteggi

Percentile per numero di risposta

Percentuale di utenti per punteggio

I tuoi punteggi nel tempo

Non hai fatto questo quiz